Sports Quiz

Random Sports Quiz

Denver Nuggets Hall of Famers Quiz Stats

Quiz not verified by Sporcle

Challenge
Share
Tweet
Embed
Score 0/8 Timer 03:00
0 Plays Today
Position and years played Player % Correct
Small Forward 1980-90Alex English
100%
Center 1992-96Dikembe Mutombo
82.1%
Guard-Forward 1976-82David Thompson
78.6%
Point Guard 2007-09Allen Iverson
75%
Forward-Center 1976-85Dan Issel
60.7%
Power Forward 1970Spencer Haywood
25%
Forward 1979-80George McGinnis
21.4%
Guard-Forward 1997Sarunas Marciulionis
3.6%

You're not logged in!

Compare scores with friends on all Sporcle quizzes.
Join for Free
OR
Log In

You Might Also Like...

Show Comments

Extras

Top Quizzes Today


Score Distribution

Your Account Isn't Verified!

In order to create a playlist on Sporcle, you need to verify the email address you used during registration. Go to your Sporcle Settings to finish the process.

Report this User

Report this user for behavior that violates our Community Guidelines.

Details: